[Event "Nizhnij Novgorod Region-ch"]
[Site "Nizhnij Novgorod"]
[Date "2013.10.24"]
[Round "7"]
[White "Chubarov, Yuri"]
[Black "Shilin, Vladimir"]
[Result "0-1"]
[WhiteElo "2074"]
[BlackElo "2030"]
[PlyCount "76"]
[EventDate "2013.10.19"]
[EventType "swiss"]
[EventRounds "9"]
[EventCountry "RUS"]
[SourceTitle "EXT 2014"]
[Source "ChessBase"]
[SourceDate "2013.11.20"]
[SourceVersion "1"]
[SourceVersionDate "2013.11.20"]
[SourceQuality "1"]

1. e4 c5 2. Nf3 e6 3. d3 d5 4. Nbd2 Nc6 5. g3 Nf6 6. Bg2 dxe4 7. dxe4 Be7 8. 0-0 0-0 9. e5 Nd7 10. Re1 Qc7 11. Qe2 b6 12. c3 Bb7 13. Nf1 a6 14. h4 b5 15. N1h2 c4 16. Bf4 Nc5 17. Ng5 Bxg5 18. hxg5 Ne7 19. Bxb7 Qxb7 20. Qf3 Qxf3 21. Nxf3 Rfd8 22. Kg2 Nd3 23. Rh1 Ng6 24. Nd4 Nxb2 25. Bc1 Na4 26. f4 Nxc3 27. Be3 Nd5 28. Kf3 Rac8 29. Rh2 Nf8 30. a3 c3 31. Bc1 Ne7 32. Nc2 Rd1 33. a4 Nf5 34. axb5 axb5 35. Rb1 Rcd8 36. Ne3 R8d3 37. g4 Nxe3 38. Bxe3 Rxb1 0-1

[Event "Nizhnij Novgorod Region-ch"]
[Site "Nizhnij Novgorod"]
[Date "2013.??.??"]
[Round "3"]
[White "Shilin, Vladimir"]
[Black "Semenov, Maxim"]
[Result "1/2-1/2"]
[WhiteElo "2030"]
[BlackElo "1989"]
[PlyCount "148"]
[EventDate "2013.10.19"]
[EventType "swiss"]
[EventRounds "9"]
[EventCountry "RUS"]
[SourceTitle "EXT 2014"]
[Source "ChessBase"]
[SourceDate "2013.11.20"]
[SourceVersion "1"]
[SourceVersionDate "2013.11.20"]
[SourceQuality "1"]

1. e4 e5 2. Nf3 Nc6 3. Bc4 Bc5 4. d3 Nf6 5. 0-0 0-0 6. Bb3 d6 7. h3 h6 8. c3 a6 9. Re1 Ba7 10. Nbd2 Ne7 11. Nf1 Ng6 12. Ng3 Be6 13. Bc2 c6 14. d4 Qc7 15. Be3 Rfd8 16. Qc1 d5 17. Nxe5 Nxe5 18. Bf4 Nf3+ 19. gxf3 Qe7 20. e5 Nh7 21. Bf5 Qh4 22. Kg2 c5 23. Qd2 cxd4 24. cxd4 Rac8 25. Rac1 Rc4 26. Rxc4 dxc4 27. Bxe6 fxe6 28. Ne2 Nf8 29. Be3 Ng6 30. Qc2 Qh5 31. Qe4 Nh4+ 32. Kg3 Rf8 33. Ng1 Nf5+ 34. Kh2 Rd8 35. Rd1 Qf7 36. Ne2 b5 37. Ng3 Ne7 38. f4 Rf8 39. Qb7 Nd5 40. Qxf7+ Rxf7 41. Ne2 Kh7 42. Kg3 Kg6 43. Kf3 Rd7 44. Ke4 Ne7 45. Rg1+ Kf7 46. a3 g6 47. Nc3 Rd8 48. Rd1 Nd5 49. Kf3 Bb6 50. Ne4 Bc7 51. Rc1 Rb8 52. Nc5 a5 53. Ke4 Bb6 54. Rg1 Bxc5 55. dxc5 Rc8 56. Kd4 Ne7 57. Kc3 Rd8 58. Kc2 Nd5 59. Bd2 Ra8 60. Rd1 b4 61. Be3 b3+ 62. Kc1 Rb8 63. Rd4 c3 64. Rd3 c2 65. Rd4 Rc8 66. Rc4 Nxe3 67. fxe3 Ke7 68. a4 Rd8 69. Rd4 Rxd4 70. exd4 Kd7 71. Kd2 Kc6 72. Kc1 Kd5 73. Kd2 g5 74. fxg5 hxg5 1/2-1/2

[Event "Nizhnij Novgorod op"]
[Site "Nizhnij Novgorod"]
[Date "2012.10.07"]
[Round "2"]
[White "Lukin, Evgeny"]
[Black "Shilin, Vladimir"]
[Result "1-0"]
[WhiteElo "2181"]
[BlackElo "2060"]
[PlyCount "87"]
[EventDate "2012.10.06"]
[EventType "swiss"]
[EventRounds "9"]
[EventCountry "RUS"]
[SourceTitle "EXT 2013"]
[Source "ChessBase"]
[SourceDate "2012.11.22"]
[SourceVersion "1"]
[SourceVersionDate "2012.11.22"]
[SourceQuality "1"]

1. d4 d5 2. c4 dxc4 3. Nf3 e6 4. e3 Nf6 5. Bxc4 c5 6. 0-0 a6 7. Qe2 cxd4 8. Rd1 Be7 9. Nxd4 Qc7 10. Nc3 b5 11. Bd3 Bb7 12. Bd2 Nc6 13. Rac1 Nxd4 14. exd4 Qb6 15. Be3 Nd5 16. Nxd5 Bxd5 17. Bb1 0-0 18. Bf4 Rac8 19. Rc2 g6 20. Be5 f6 21. Bg3 Kf7 22. h4 Rxc2 23. Qxc2 Qc6 24. Qxc6 Bxc6 25. Rc1 Rc8 26. Be4 Bb7 27. Rxc8 Bxc8 28. Bc6 f5 29. b3 Bf6 30. d5 e5 31. f3 f4 32. Bf2 Be7 33. Kf1 Bd6 34. Ke2 Ke7 35. Bb6 h6 36. a4 bxa4 37. bxa4 g5 38. hxg5 hxg5 39. Ba5 Kf6 40. Bd8+ Kf5 41. Kd3 g4 42. Bh4 g3 43. Bd8 Kg6 44. Be8+ 1-0